000 00826nam a22001937a 4500
999 _c58252
_d58252
005 20211007141452.0
008 211007s2021 enk||||| |||| 00| 0 eng d
020 _a9789811597886
041 _aeng
080 _a371 T-29
245 _aTeacher as Designer :
_bDesign Thinking for Educational Change /
_cEditors David Scott, Jennifer Lock,.
264 _aCalgary :
_bSpringer,
_c2021.
300 _a156 p.
_b23 cm.
653 _aმასწავლებელი, როგორც დიზაინერი
653 _aდიზაინის აზროვნება საგანმანათლებლო ცვლილებებისთვის
700 _aScott, David
_eრედაქტორი
_912623
700 _aLock, Jennifer
_eრედაქტორი
_912624
942 _2udc
_cBK